01210nab a2200241uuc4500001000800000005001700008008004100025035001200066035002100078040001300099041000800112100004400120245012900164260001000293520035200303650004300655650003400698650002200732700004300754773014200797942001000939999001900949121955420240808090457.0101008e20101008 spa  a1219554 a(OCoLC)820563854 ccomduadb aspa10aNieto Betancurt, Lucy4auteaut959894510aRevision del concepto de adherencia al tratamiento y los factores asociados a esta, como objeto de la psicologia de la salud c2009.3 aSe presenta una revision sobre las conceptualizaciones de la adherencia al tratamiento y su importancia en el campo de la psicologia de la salud, con el fin de mostrar algunas de las dificultades en el consenso de los diferentes autores que comprenden el concepto y la propuesta conceptual desarrollada por ellos como producto de la investigacion. 7aPsicología de la salud2embne915129 aAtención de la salud950574 aAdherencia91040410aPelayo Pedraza, Raul4auteaut95954820 tPáginas : Revista Académica e Institucional de la U.C.P. (Pereira)gNúmero 085, Diciembre 2009, p. 61-76w711905x0121-16330227339 cARIMP c564266d564266